Hacia una gestión integrada de las fronteras : el Código de Fronteras Schengen y el cruce de fronteras en la Unión Europea el Código de Fronteras Schengen y el cruce de fronteras en la Unión Europea
Descripción Física:
103 p. ; 21 cm
Colección:
Documentos CIDOB. Migraciones ; 15
MARC
| LEADER | 00000nam a2200000Ia 4500 | ||
|---|---|---|---|
| 001 | |||
| 008 | 160829s2008 xx 000 0 cat d | ||
| 020 | |a ISSN 1697-7734 | ||
| 080 | |a Revistes | ||
| 100 | |a Illamola Dausà, Mariona |9 49869 | ||
| 245 | |a Hacia una gestión integrada de las fronteras : |b el Código de Fronteras Schengen y el cruce de fronteras en la Unión Europea | ||
| 260 | |a Barcelona : |b CIDOB, |c 2008 | ||
| 300 | |a 103 p. ; |c 21 cm | ||
| 490 | |a Documentos CIDOB. Migraciones ; 15 | ||
| 590 | |a Amb la participació de la Diputació de Barcelona | ||
| 650 | 0 | |a Emigració i immigració |x Dret i legislació |9 28030 | |
| 650 | |a Europa |x Emigració i immigració |x Política governamental |9 39986 | ||
| 710 | 2 | |a Centre d'Informació i Documentació Internacionals a Barcelona (CIDOB) |9 52934 | |
| 710 | 1 | |a Barcelona (Catalunya : Província). |b Diputació |9 52408 | |
| 901 | |a Arxiu | ||
| 942 | |n 1 | ||
| 952 | |0 0 |1 0 |4 0 |6 REVISTES |7 1 |9 55646 |a Arxiu |b Arxiu |d 2016-12-01 |l 0 |o Revistes |r 2016-12-01 00:00:00 |w 2016-12-01 |y ARXIU | ||
| 999 | |c 59519 |d 59519 | ||